| 000 | 01368cam a2200361 a 4500 | ||
|---|---|---|---|
| 003 | CHAP | ||
| 005 | 20220817043800.0 | ||
| 008 | 010725d2001 mx 00 spa d | ||
| 010 | _a84317 | ||
| 011 | _a85289 | ||
| 035 | _a95822 | ||
| 040 | _cCHAP | ||
| 100 | 0 | 0 |
_aReyes Purata, Alejandro. _996951 |
| 245 | 0 | 3 |
_aLa viabilidad del minifundio ante las políticas agrícolas y agrarias del estado (Estudio de caso : Ejido Venustiano Carranza, Mpio. de Cárdenas, Tabasco) _c/por Alejandro Reyes Purata |
| 260 |
_aChapingo, Méx. : _bEl autor, _c2001. |
||
| 300 |
_a157 h. : _bcuadros |
||
| 500 | _aTesis (Ing. Agr. Esp. en Sociología Rural) -- UACH. Departamento de Sociología Rural | ||
| 590 |
_aBATCH-UPD _b10 _c20130110 _lUCH01 _h0954 |
||
| 590 |
_aBATCH-UPD _b10 _c20130410 _lUCH01 _h0607 |
||
| 590 |
_aBATCH-UPD _b10 _c20130914 _lUCH01 _h1159 |
||
| 590 |
_aCONVERSION _b10 _c20130109 _lUCH01 _h1347 |
||
| 650 | 1 | 4 | _aDesarrollo sustentable. |
| 650 | 1 | 4 |
_aEjidos _zMéxico. _936039 |
| 650 | 1 | 4 |
_aPlan Chontalpa. _988656 |
| 650 | 1 | 4 |
_aPolítica agrícola _zMéxico. |
| 650 | 1 | 4 |
_aReforma agraria _zMéxico. _995596 |
| 650 | 1 | 4 |
_aTierras _xTenencia _zMéxico. _9113215 |
| 901 | _aBK | ||
| 905 | _aLilia Sánchez G. | ||
| 942 | _cFOLL | ||
| 949 |
_aTesis _bBC _cTES _d33724000837399 _eTS2 _fc.2 _h38303 _i95822 _sb |
||
| 949 |
_aTesis _bBC _cTES _d958221 _eTS1 _h38302 _i95822 _sb |
||
| 999 |
_c84317 _d84317 |
||